000 02114nam0a2200361 4500
001 RU\NLR\bibl\1297901
005 20260405212909.0
010 _a5-86383-151-0
_91000
035 _a(nilc)RSL-KNO-003373809
035 _a(NLR Aleph) 001283511
090 _a514091
_c514091
100 _a20070813d2007 |||y0rusy50 ca
101 0 _arus
102 _aRU
105 _aa |||||||||
200 1 _aСоциально-психологическое обоснование групповой и индивидуальной работы с женщинами в интолерантной среде
_fН. А. Цветкова
210 _aМосква
_cКонсорциум "Социальное здоровье России"
_d2007
215 _a298 с.
_cил.
_d20
320 _aБиблиогр.: с. 227-250 (523 назв.)
606 1 _aЖенщины
_xПсихосоциальная работа
_92343655
_3RU\NLR\auth\661400695
610 0 _aСоциология -- Социальные институты -- Социология семьи, брака и родства. Социология пола и половых отношений -- Социология женщин
610 0 _aПсихология -- Общая психология -- Психология личности -- Психология пола -- Психология женщины -- Воспитание, самовоспитание психической деятельности и свойств личности. Тренировка, обучение в психической деятельности. Эффективность обучения и воспитания
686 _aС555.535,0
_2rubbk
686 _aЮ937.31-82,0
_2rubbk
686 _aС550.535
686 _aС550.473
700 1 _4070
_7ca
_8rus
_aЦветкова
_bН. А.
_cд-р психол. наук
_gНадежда Александровна
_978879
_3RU\NLR\auth\7795953
801 0 _aRU
_bРКП
_c20070813
_grcr
801 1 _aRU
_bРГБ
_c20070813
801 2 _aRU
_bNLR
_c20081124
_grcr
942 _cBOOK
980 _aNB